Pays appliquant la peine de mort subite - Statistiques

Statistiques générales
  • Ce quiz a été pris 248 fois
  • Le résultat moyen est 5 sur 15
Answers on the Grid
Answers color-coded by a green-red scale on the quiz's grid according to % correct below.
Michigan
Texas
Utah
Maryland
Afrique du Sud
Angola
Sénégal
Brésil
Suriname
Canada
Cambodge
Hong Kong
Israël
Albanie
Belgique
Saint Marin
Îles Salomon
Égypte
Botswana
Soudan
Afghanistan
Arabie Saoudite
Bangladesh
Chine
Corée du Nord
Indonésie
Japon
Comores
Biélorussie
Gambie
Nouvelle Zélande
Bhoutan
 
Statistiques - réponses
Réponse % Correct
Corée du Nord
56%
Arabie Saoudite
52%
Afghanistan
51%
Texas
42%
Chine
41%
Soudan
36%
Indonésie
33%
Japon
33%
Biélorussie
26%
Égypte
23%
Bangladesh
22%
Utah
18%
Botswana
14%
Comores
12%
Gambie
9%
Aucun quiz correspondant
Distribution des résultats
% des personnes avec chaque résultat
Percentile par nombre de réponses
Votre historique - résultats
Vous n’avez pas pris ce quiz